| 000 | 00510cam a2200145 4500500 | ||
|---|---|---|---|
| 005 | 20251012021520.0 | ||
| 041 | _afre | ||
| 042 | _adc | ||
| 100 | 1 | 0 |
_aSalin, Dominique _eauthor |
| 245 | 0 | 0 | _aAlain Cugno, LA SÉDUCTION DU DIABLE Réflexions sur la question du mal Mame, 2019, 176 p., 16,90 €. |
| 260 | _c2021. | ||
| 500 | _a81 | ||
| 786 | 0 | _nChristus | º271 | 3 | 2021-07-01 | p. 122-123 | 0009-5834 | |
| 856 | 4 | 1 | _uhttps://shs.cairn.info/revue-christus-2021-3-page-122?lang=fr&redirect-ssocas=7080 |
| 999 |
_c1538575 _d1538575 |
||